| 000 | 00522nam a2200217Ia 4500 | ||
|---|---|---|---|
| 003 | OSt | ||
| 005 | 20220928144556.0 | ||
| 006 | a|||||r|||| 00| 0 | ||
| 007 | ta | ||
| 008 | 220927b |||||||| |||| 00| 0 eng d | ||
| 024 | _a72144 | ||
| 037 | _cTextual | ||
| 040 |
_aSDCL _cSDCL _beng |
||
| 041 |
_2eng _aeng |
||
| 082 | _aV2,1'E, M0 | ||
| 100 |
_aDahiya B S _9508471 |
||
| 245 | 0 | _aJats, the ancient rulers. | |
| 260 | _c1980 | ||
| 942 |
_hV2,1'E, M0 _cTEXL _2CC |
||
| 999 |
_c828202 _d828202 |
||